| 000 | 00375nab a22001097u 4500 | ||
|---|---|---|---|
| 008 | 130520b2004 xxu||||| |||| 00| 0 spa d | ||
| 041 | _aspa | ||
| 100 | 1 |
_aGonzález Ordosgoitti, Enrique Ali _971963 |
|
| 245 | 0 | 0 |
_aGilbert Durand y el regreso del simbolo _cEnrique Ali González Ordosgoitti |
| 773 | 0 |
_tAnthropos _gV.25, nº1-2,2004,págs. 53-78 _x0254-1629 _wRev38 |
|
| 942 | _cAR | ||
| 999 |
_c381449 _d381449 |
||